Guess the NFL Player by Their Autographs - Statistics

General Stats
  • This quiz has been taken 25 times
  • The average score is 3 of 11
Answer Stats
Picture Answer % Correct
James Cook
95%
Marvin Mims
52%
Jarvis Landry
33%
Jaycee Horn
33%
Kool-Aid McKinstry
29%
Nick Chubb
29%
Zamir White
29%
James Robinson
24%
Cedric Tillman
10%
Ronnie Hickman
10%
Tyler Goodson
5%
No matching quizzes found
Score Distribution
Percent of People with Each Score
Percentile by Number Answered
Your Score History
You have not taken this quiz